01680nam a2200409Ia 4500001001200000003000800012006001900020007001500039008004100054020001800095020001500113020001800128020001500146040002100161035002100182050002300203100002100226245013000247260003300377300001500410490004600425504006400471533015200535600004700687600004800734600005100782600005900833650002900892650002800921650005800949655002901007700002501036710001701061830004701078856012601125999001901251ebr10495202CaPaEBRm u cr cn|||||||||090908s2010 enk sb 001 0 eng d z9780826444295 z0826444296 z9780826446299 z0826446299 aCaPaEBRcCaPaEBR a(OCoLC)74169011614aPR889b.B73 2010eb1 aBradley, Arthur.14aThe new atheist novelh[electronic resource] :bfiction, philosophy and polemic after 9/11 /cArthur Bradley and Andrew Tate. aLondon :bContinuum,cc2010. aix, 136 p.1 aNew directions in religion and literature aIncludes bibliographical references (p. 125-132) and index. aElectronic reproduction.bPalo Alto, Calif. :cebrary,d2013.nAvailable via World Wide Web.nAccess may be limited to ebrary affiliated libraries.10aMcEwan, IanxCriticism and interpretation.10aAmis, MartinxCriticism and interpretation.10aRushdie, SalmanxCriticism and interpretation.10aPullman, Philip,d1946-xCriticism and interpretation. 0aReligion and literature. 0aAtheism and literature. 0aEnglish fictiony21st centuryxHistory and criticism. 7aElectronic books.2local1 aTate, Andrew,d1971-2 aebrary, Inc. 0aNew directions in religion and literature.40uhttp://site.ebrary.com/lib/rucke/Doc?id=10495202zAn electronic book accessible through the World Wide Web; click to view c130410d130410